Primera aproximación a los avances en el proceso de implementación del eje conocer de la política nacional sobre biodiversidad (Registro nro. 7096)

Detalles MARC
000 -CABECERA
Campo de control 00585nam a2200169 a 4500
090 ## - CLASIFICACIÓN LOCAL
Colección IAVH
Consecutivo 01373
041 ## - IDIOMA
Código de idioma para texto/pista de sonido o título separado Español
100 ## - ASIENTO PRINCIPAL--NOMBRE PERSONAL
Nombre personal Alzate, Adriana M.
245 ## - MENCION DE TITULO
Título Primera aproximación a los avances en el proceso de implementación del eje conocer de la política nacional sobre biodiversidad
260 ## - PUBLICACION, DISTRIBUCION, ETC. (PIE DE IMPRENTA)
Lugar de publicación, distribución, etc. Bogotá
Nombre del editor, distribuidor, etc. IAVH
Fecha de publicación, distribución, etc. 2009
300 ## - DESCRIPCION FISICA
Extensión 152 p.
650 ## - ASIENTO SECUNDARIO DE MATERIA - TERMINO TEMATICO
Término temático o nombre geográfico como elemento de entrada Política de biodiversidad
650 ## - ASIENTO SECUNDARIO DE MATERIA - TERMINO TEMATICO
Término temático o nombre geográfico como elemento de entrada Planes de acción
650 ## - ASIENTO SECUNDARIO DE MATERIA - TERMINO TEMATICO
Término temático o nombre geográfico como elemento de entrada Política nacional de biodiversidad
700 ## - ASIENTO SECUNDARIO - NOMBRE PERSONAL
Nombre personal Calderón, María José
700 ## - ASIENTO SECUNDARIO - NOMBRE PERSONAL
Nombre personal Hernández, Verónica

No hay ítems disponibles.